00582 a2200181 4500003000500000005001700005040000900022082001000031100003200041245011500073260003700188300001000225650001600235651001900251942000800270999001900278952010300297Nust20170207171856.0 cNust a005.1 aKazmi, Syeda Nazish BESE-18 aUpcycler A Sentiment Analysis Tool (Hard / Soft-copy)cSyeda Nazish Kazmi, Usama Mukhtar, Syed Mustufain Abbas aMCS, NUSTbRawalpindicJune 2016 a67 p  aUG Projects aUG CSE Project cPRG c219401d219401 00102ddc40708NFICaMCSbMCSd2016-12-12l0o005.1 KAZpMCSPCS-285r2016-12-08w2016-12-12yBK